| 000 | 00464nam a22001337a 4500 | ||
|---|---|---|---|
| 040 | _cNUST | ||
| 082 | _a220 PRO | ||
| 100 |
_aNC MUHAMMAD ABDULREHMAN NC MUHAMMAD SOHAIB AHMED ASC JUNAID DAUD BALOUCH PC HASNAIN MUSHTAQ _996507 |
||
| 110 |
_aPROJECT SUPERVISOR DR. ALI HASSAN Ms. ANUM ABDUL SALAM _996508 |
||
| 245 | _aPR-SOF-2102-Inertial Navigation System | ||
| 260 |
_aISLAMABAD: _bNUST COLLEGE OF EME, _c2022. |
||
| 650 |
_aDE-COMP-40 _996496 |
||
| 942 |
_2ddc _cPR |
||
| 999 |
_c590775 _d590775 |
||